Prénoms/Noms de mathématiciens célèbres - Statistiques

Statistiques générales
  • Ce quiz a été pris 117 fois
  • Le résultat moyen est 5 sur 9
Statistiques - réponses
Hint Réponse % Correct
Blaise Pascal
96%
Srinivasa Ramanujan
78%
Leonardo Fibonacci
70%
Pierre de Fermat
62%
Carl Friedrich Gauss
55%
Gottfried Leibniz
54%
Leonhard Euler
49%
Daniel Bernoulli
43%
David Hilbert
43%
Aucun quiz correspondant
Distribution des résultats
% des personnes avec chaque résultat
Percentile par nombre de réponses
Votre historique - résultats
Vous n’avez pas pris ce quiz